00294nam a2200121Ia 4500008004100000082001500041100001800056245005000074250000800124260002400132300000800156650000800164191201s2009 xx 000 0 und d a658.8bONI aONKVISIT, Sak 0aInternational Marketing Analysis and Strategy a3rd aN. DelhibPHIc2009 a750 aBBA